000 01384nam0a22003011 4500
001 v19\rc\1939332
005 20251118181100.5
035 _a(NLR Aleph) 005053009
090 _a6914596
_c6914597
100 _a20080428d1912 u y0rusy50 ca
101 0 _arus
102 _aRU
105 _aa z |||a|
200 1 _aБезмятежные годы
_aПервые грезы
_eПовесть для юношества в 2 ч. В. Новицкой (авт. книг "Хорошо жить на свете" и "Веселые будни")
_fС 16 рис. в красках по акварелям Е.П. Самокиш-Судковской
210 _aСанкт-Петербург
_cА.Ф. Девриен
_d[1912]
215 _a[1], 305, II с., 16 л. ил.
_d23
500 1 0 _6z01702
_6z01702
_aХорошо жить на свете
_aВеселые будни
700 1 _aНовицкая
_bВ.С.
_gВера Сергеевна
702 1 _6z01500
_aНовицкая
_bВ.С.
_gВера Сергеевна
_4570
702 1 _6z01790
_aСамокиш-Судковская
_bЕ.П.
_gЕлена Петровна
_4440
790 1 _6z01702
_aСудковская
_bЕ.П.
_gЕлена Петровна
801 0 _aRU
_bNLR
_gpsbo
801 0 _aRU
_bRuMoRGB
_2psbo
801 1 _aRU
_bProSoft-M
_2rusmarc
852 _aNLR
_j38.38.4.3
899 _aRuMoRGB
_jR 447/259
942 _cBOOK
980 _aNB